000 00408nam a22001697a 4500
005 20160629113042.0
008 160629b xxu||||| |||| 00| 0 eng d
020 _a0-7619-3308-5
041 _aeng
082 _b10996
100 _aMohanty, Sochidananda
_93140
245 _aEarly Womens writings in oressa, 1898-1950
260 _bSage
_c2005
300 _a237
650 _aManagement
_9241
942 _cBK
999 _c4603
_d4601